000 00757nam a2200241Ia 4500
003 OSt
005 20220926022606.0
006 a|||||r|||| 00| 0
007 ta
008 220923b |||||||| |||| 00| 0 eng d
037 _cGeneral Book
040 _aRTL
_cRTL
_beng
041 _2eng
_aeng
082 _aX 9(D65):54.1.N7, L5
110 _aUnited Nations concerence on trade and Development
_9328035
245 0 _aInternational subconteracting aggangements in eled
260 _aNew York
_bUnited Nations USA
_c1975
300 _a41p.
_ccm.
650 _aMechnical
_9240975
700 _aUnited Nations concerence on trade and Development
_9328036
942 _hX 9(D65):54.1.N7, L5
_cGB
_2CC
999 _c639838
_d639838